The political economy of agricultural pricing policy: Asia (volume 2) (Record no. 82025)
[ view plain ]
| 000 -LEADER | |
|---|---|
| fixed length control field | 01083nam a2200229 a 4500 |
| 008 - FIXED-LENGTH DATA ELEMENTS--GENERAL INFORMATION | |
| fixed length control field | 120416s1991 ||||||||||||||||| || u |
| 020 ## - INTERNATIONAL STANDARD BOOK NUMBER | |
| International Standard Book Number | 0801840309 |
| 050 ## - LIBRARY OF CONGRESS CALL NUMBER | |
| Classification number | IBRD(06)PEA/1991/4 |
| 100 ## - MAIN ENTRY--PERSONAL NAME | |
| Personal name | Schiff, Maurice W |
| 245 14 - TITLE STATEMENT | |
| Title | The political economy of agricultural pricing policy: Asia (volume 2) |
| Statement of responsibility, etc. | edited by Anne O. Krueger, Maurice Schiff and Alberto Valdes |
| 260 ## - PUBLICATION, DISTRIBUTION, ETC. | |
| Place of publication, distribution, etc. | London |
| Name of publisher, distributor, etc. | Hopkins University Press |
| Date of publication, distribution, etc. | 1991 |
| 300 ## - PHYSICAL DESCRIPTION | |
| Extent | xv, 293p. : ill. |
| 350 ## - | |
| -- | 0.00 |
| 490 ## - | |
| -- | World Bank Comparative Study |
| 650 ## - SUBJECT ADDED ENTRY--TOPICAL TERM | |
| Topical term or geographic name entry element | AGRICULTURAL PRICES--GOVERNMENT POLICY--ASIA--CASE STUDIES |
| 650 ## - SUBJECT ADDED ENTRY--TOPICAL TERM | |
| Topical term or geographic name entry element | AGRICULTURAL PRICES--GOVERNMENT POLICY--DEVELOPING COUNTRIES--CASE STUDIES |
| 700 ## - ADDED ENTRY--PERSONAL NAME | |
| Personal name | Krueger, Anne O |
| 700 ## - ADDED ENTRY--PERSONAL NAME | |
| Personal name | Valdes, Alberts |
| 710 ## - ADDED ENTRY--CORPORATE NAME | |
| Corporate name or jurisdiction name as entry element | World Bank |
| 995 ## - | |
| -- | SPECIAL COLLECTIONS |
| -- | 0.00 |
| -- | 024827 |
| -- | CBU-MAIN LIBRARY (Kitwe) |
| -- | 1 |
| -- | 0.00 |
| -- | IBRD(06)PEA/1991/4B |
| -- | AVAILABLE |
| -- | Apr 17, 2007 |
| -- | 024827 |
| -- | International Publications |
| 995 ## - | |
| -- | SPECIAL COLLECTIONS |
| -- | 0.00 |
| -- | 024826 |
| -- | CBU-MAIN LIBRARY (Kitwe) |
| -- | 1 |
| -- | 0.00 |
| -- | IBRD(06)PEA/1991/4A |
| -- | AVAILABLE |
| -- | 024826 |
| -- | International Publications |
| 999 ## - | |
| -- | 82025 |
| -- | 82025 |
| Withdrawn status | Lost status | Source of classification or shelving scheme | Damaged status | Not for loan | Permanent Location | Current Location | Shelving location | Date acquired | Total Checkouts | Full call number | Barcode | Date last seen | Copy number | Price effective from | Koha item type |
|---|---|---|---|---|---|---|---|---|---|---|---|---|---|---|---|
| CBU-MAIN LIBRARY, KITWE. | CBU-MAIN LIBRARY, KITWE. | 09/12/2023 | IBRD(06)PEA/1991/4B | 024827 | 09/12/2023 | 1 | 09/12/2023 | SPECIAL COLLECTION | |||||||
| CBU-MAIN LIBRARY, KITWE. | CBU-MAIN LIBRARY, KITWE. | 09/12/2023 | IBRD(06)PEA/1991/4A | 024826 | 09/12/2023 | 2 | 09/12/2023 | SPECIAL COLLECTION |